| 000 | 01656cam a22004454i 4500 | ||
|---|---|---|---|
| 003 | PE-LiUPU | ||
| 005 | 20250731173441.0 | ||
| 008 | 150616s1950 bl r 000 0 spa d | ||
| 035 | _a(Sirsi) a5688 | ||
| 040 |
_aPE-LiUPU _bspa _cPE-LiUPU _erda |
||
| 049 | _aPRUA | ||
| 082 | 0 | 4 |
_a220 _bA62 _221 |
| 100 | 1 |
_aApolinário, Pedro, _eautor. |
|
| 245 | 1 | 0 |
_aHistória Do Textos Bíblicos : _bcrítica conceptual / _cPedro Apolinario. |
| 264 | 1 |
_aSao Paulo : _bInstituto Adventista de Ensino, _c1985. |
|
| 300 |
_a394 páginas ; _c20 centímetros |
||
| 336 |
_atext _2rdacontent |
||
| 337 |
_aunmediated _2rdamedia |
||
| 338 |
_avolume _2rdacarrier |
||
| 505 | 0 | _aA Bíblia -- Revelacao e inspiracao -- Línguas da Bíblia -- Orígem da Escrita-Livros Primitivos -- Famílias de Manuscritos -- Divulgacao da Bíblia -- A formacao do Canon -- Os Livros Apócrifos -- Problemas de taducao. | |
| 526 | _aSEG42 | ||
| 526 | _aSEG41 | ||
| 526 | _aSEG40 | ||
| 526 | _aSEG39 | ||
| 526 | _aP94 | ||
| 526 | _aP87 | ||
| 526 | _aP86 | ||
| 526 | _aP85 | ||
| 526 | _aP77 | ||
| 526 | _aP76 | ||
| 526 | _aP35 | ||
| 630 |
_aBiblia _xCrítica, interpretación, etc. |
||
| 910 |
_ajck _bjvq _cjck |
||
| 942 |
_2ddc _cBOOK |
||
| 949 |
_a220 A62 _wDEWEY _c1 _i39367 _lCCODEBUL1 _mBUL _p23.00 _r0 _sY _tBOOK _u19950928 _xTEOLOGIA _zUNKNOWN _0COMPRA _o.STAFF. Colección Teología |
||
| 994 |
_aC0 _bPEPRU |
||
| 596 | _a1 | ||
| 999 |
_a220 A62 _wDEWEY _c56743 _i39367 _d56743 _e2017-8-14 _f2021-11-9 _g5 _lCCODEBUL1 _mBUL _n1 _p23.00 _r0 _sY _tBOOK _u2015-6-16 _xTEOLOGIA _PP35 _0COMPRA _o.STAFF. Colección Teología |
||
| 980 |
_81 _gALBERTO SANCHEZ Responsable de Automatización |
||